000 00506nam a2200181Ia 4500
008 090123s9999 xx 000 0 und d
082 _b3321
_a891.463/फडके
100 _aफडके ना. सी.
245 _aनिरंजन
250 _a4
260 _bकुलकर्णी अ.अ.
_c1973
300 _a312
600 _aफडके ना. सी.
630 _aनिरंजन
700 _aफडके ना. सी.
730 _aनिरंजन
942 _cBOOK
999 _c41401
_d41401